|
|
|
|
| LEADER |
01120nam a2200277 a 4500 |
| 001 |
1828121 |
| 008 |
101207s1981 ohua b 001 0 eng d |
| 010 |
|
|
|a 80053599
|
| 020 |
|
|
|a 0538013702
|
| 040 |
|
|
|a DLC
|c DLC
|d DLC
|d BD-DhAAL
|
| 082 |
0 |
0 |
|a 657
|2 19
|
| 100 |
1 |
|
|a Fess, Philip E.
|
| 245 |
1 |
0 |
|a Accounting principles /
|c Philip E. Fess, C. Rollin Niswonger ; consulting editor, Carl S. Warren.
|
| 250 |
|
|
|a 13th ed.
|
| 260 |
|
|
|a Cincinnati :
|b South-Western Pub. Co.,
|c c1981.
|
| 300 |
|
|
|a 986 p. :
|b ill. ;
|c 24 cm.
|
| 500 |
|
|
|a Authors' names in reverse order on t.p. of 12th ed.
|
| 504 |
|
|
|a Includes bibliographical references and index.
|
| 541 |
1 |
|
|e 00021583
|
| 650 |
|
0 |
|a Accounting.
|
| 700 |
1 |
|
|a Niswonger, C. Rollin
|q (Clifford Rollin),
|d 1907-
|
| 700 |
1 |
|
|a Warren, Carl S.
|
| 700 |
1 |
|
|a Niswonger, C. Rollin
|q (Clifford Rollin),
|d 1907-
|t Accounting principles.
|
| 852 |
4 |
|
|a Ayesha Abed Library
|j General Shelf.
|
| 999 |
|
|
|c 10174
|d 10174
|
| 952 |
|
|
|0 0
|1 0
|2 ddc
|4 0
|6 657_FES
|7 0
|9 13524
|a BRACUL
|b BRACUL
|c GEN
|d 2010-12-08
|e TRIM EDUCATION
|g 6125.00
|l 8
|m 30
|o 657 FES
|p 3010021583
|r 2025-08-24
|s 2025-08-19
|t 1
|w 2010-12-08
|y BK
|